NFL Most Touchdowns - Statistics

General Stats
  • This quiz has been taken 42 times
  • The average score is 21 of 32
Answer Stats
Hint Answer % Correct
CIN Ja'Marr Chase
82%
MIN Justin Jefferson | Aaron Jones | Jalen Naylor | Jordan Addison
82%
PHI Saquon Barkley
82%
ATL Bijan Robinson
79%
BAL Derrick Henry
79%
DET Jahmyr Gibbs | David Montgomery
79%
ARI Marvin Harrison jr
79%
DAL Ceedee Lamb | Jalen Tolbert
76%
NO Alvin Kamara
74%
IND Jonathan Taylor
74%
NYJ Breece Hall
71%
DEN Courtland Sutton
71%
BUF James Cook
71%
HOU Joe Mixon
71%
GB Josh Jacobs
71%
TB Mike Evans
71%
LAR Kyren Williams
68%
WSH Terry McLaurin
68%
LV Brock Bowers | Alexander Mattison
65%
CAR Chuba Hubbard
65%
MIA De'Von Achane
65%
SF George Kittle
62%
LAC J.K. Dobbins
62%
SEA Kenneth Walker
59%
NE Rhamondre Stevenson
59%
NYG Tyrone Tracy jr
59%
KC Xavier Worthy
59%
CLE Nick Chubb | David Njoku
56%
JAX Brian Thomas jr
50%
PIT Justin Fields
35%
CHI Roschon Johnson
35%
TEN Nick Westbrook-Ikhine
21%
No matching quizzes found
Score Distribution
Percent of People with Each Score
Percentile by Number Answered
Your Score History
You have not taken this quiz